[Event "Prague Summer op-B 10th"]
[Site "Prague"]
[Date "2023.08.06"]
[Round "3"]
[White "Michel, Ladislav"]
[Black "Ilandzis, Spyridon"]
[Result "1/2-1/2"]
[WhiteElo "1626"]
[BlackElo "1936"]
[PlyCount "113"]
[EventDate "2023.08.04"]
[EventType "swiss"]
[EventRounds "9"]
[EventCountry "CZE"]
[SourceTitle "EXT 2024"]
[Source "ChessBase"]
[SourceDate "2023.10.10"]
[SourceVersion "1"]
[SourceVersionDate "2023.10.10"]
[SourceQuality "1"]

1. d4 Nf6 2. Bf4 d6 3. e3 g6 4. h3 Bg7 5. Nf3 0-0 6. Be2 Nc6 7. 0-0 Qe8 8. Bh2 e5 9. dxe5 dxe5 10. c3 Bf5 11. Qb3 Be6 12. Qa3 Ne4 13. Nbd2 Nd6 14. Ng5 Bf5 15. e4 Bd7 16. Nc4 Nb5 17. Qb3 h6 18. Nf3 Qe7 19. a4 Nd6 20. Nxd6 cxd6 21. a5 Rac8 22. Rfd1 Be6 23. Qa3 Rfd8 24. c4 f5 25. exf5 gxf5 26. Rac1 e4 27. Ne1 Bd4 28. Bf4 Qg7 29. Rc2 Bc5 30. Qa1 Nd4 31. b4 Nxe2+ 32. Rxe2 Qxa1 33. Rxa1 Bxb4 34. Bxh6 Bxc4 35. Re3 Kh7 36. Bg5 Rg8 37. Rg3 Bc5 38. Nc2 Bd3 39. Ne1 Bd4 40. Rd1 Be5 41. Rgxd3 exd3 42. h4 Rc5 43. a6 bxa6 44. Nxd3 Rd5 45. Kf1 Rc8 46. Ke2 Kg6 47. Nf4+ Bxf4 48. Rxd5 Bxg5 49. hxg5 Rc2+ 50. Kf3 Rc6 51. g4 Rc3+ 52. Kg2 fxg4 53. Rxd6+ Kxg5 54. Rxa6 Rc7 55. Kg3 Rc3+ 56. Kg2 Rc7 57. Kg3 1/2-1/2

[Event "Prague Summer op-B 10th"]
[Site "Prague"]
[Date "2023.08.04"]
[Round "1"]
[White "Mrmus, Pavol"]
[Black "Ilandzis, Spyridon"]
[Result "0-1"]
[WhiteElo "1433"]
[BlackElo "1936"]
[PlyCount "90"]
[EventDate "2023.08.04"]
[EventType "swiss"]
[EventRounds "9"]
[EventCountry "CZE"]
[SourceTitle "EXT 2024"]
[Source "ChessBase"]
[SourceDate "2023.10.10"]
[SourceVersion "1"]
[SourceVersionDate "2023.10.10"]
[SourceQuality "1"]

1. e4 d5 2. exd5 Qxd5 3. Nc3 Qa5 4. Bc4 Nf6 5. d3 Bg4 6. f3 Bh5 7. Bd2 e6 8. Nd5 Qc5 9. Bb4 Qc6 10. Bb5 Bxb4+ 11. c3 Nxd5 12. Bxc6+ Nxc6 13. cxb4 Ndxb4 14. Ne2 g5 15. a3 Nd5 16. Qd2 Rg8 17. 0-0-0 0-0-0 18. h4 gxh4 19. Rxh4 Bg6 20. Nf4 Nd4 21. Kb1 Nb3 22. Qc2 Nd4 23. Qa4 Nxf4 24. Rxf4 Ne2 25. Rb4 a6 26. Qb3 b6 27. Qc2 Nd4 28. Qc3 Nb5 29. Qc6 Kb8 30. Rc1 Bxd3+ 31. Ka1 Rd6 32. Qxd6 Nxd6 33. Rd4 Bg6 34. b4 e5 35. Rd5 e4 36. Re5 exf3 37. gxf3 Re8 38. f4 h5 39. Rg5 Re3 40. Kb2 Re2+ 41. Kb3 Rf2 42. b5 Nxb5 43. Rd5 Rxf4 44. Rd7 Nd4+ 45. Kb2 Rf2+ 0-1

[Event "Sitges Sunway online op"]
[Site "Chess.com INT"]
[Date "2020.04.19"]
[Round "1"]
[White "Ilandzis, Spyridon"]
[Black "Shevchenko, Kirill"]
[Result "0-1"]
[WhiteElo "2106"]
[BlackElo "2592"]
[PlyCount "118"]
[EventDate "2020.04.19"]
[EventType "swiss"]
[EventRounds "9"]
[EventCountry "ESP"]
[SourceTitle "CBM 195 Extra"]
[Source "ChessBase"]
[SourceDate "2020.05.31"]
[SourceVersion "1"]
[SourceVersionDate "2020.05.31"]
[SourceQuality "1"]

1. e4 c5 2. Nf3 d6 3. d4 cxd4 4. Nxd4 Nf6 5. Nc3 a6 6. Be2 e5 7. Nb3 Be7 8. Be3 Be6 9. 0-0 0-0 10. Qd2 Nbd7 11. a4 Nb6 12. Rfd1 Rc8 13. a5 Nc4 14. Bxc4 Rxc4 15. f3 h6 16. Ra4 Qc8 17. Qf2 Rd8 18. Nc1 d5 19. exd5 Nxd5 20. Nxd5 Rxd5 21. Rxd5 Rxc2 22. Qe1 Bxd5 23. Nd3 Rxg2+ 24. Kxg2 Qc2+ 25. Qd2 Qxa4 26. Nxe5 Qb3 27. Bd4 Bf6 28. Qc3 Qxc3 29. Bxc3 Be7 30. Nd3 g5 31. Kf2 f6 32. Nb4 Bc5+ 33. Kg3 Bd6+ 34. Kf2 Bb3 35. h3 Kf7 36. Kg2 h5 37. Nd3 Bd5 38. Nf2 f5 39. Nd3 Ke6 40. Kf2 Bc4 41. Ne1 Be5 42. Ng2 f4 43. Ne1 Bxc3 44. bxc3 h4 45. Nc2 Kd6 46. Nd4 Be6 47. Kg2 Kd5 48. Nb3 Kc4 49. Nd2+ Kxc3 50. Ne4+ Kb4 51. Nxg5 Bd5 52. Nh7 Kxa5 53. Nf8 Bf7 54. Nd7 Kb4 55. Ne5 Bc4 56. Ng6 a5 57. Nxh4 a4 58. Nf5 a3 59. Nd4 Kc3 0-1

[Event "Athens Kypseli op 3rd"]
[Site "Athens"]
[Date "2020.02.03"]
[Round "4"]
[White "Ilandzis, Spyridon"]
[Black "Karounis, Ioannis"]
[Result "1/2-1/2"]
[WhiteElo "2120"]
[BlackElo "1669"]
[PlyCount "62"]
[EventDate "2020.01.13"]
[EventType "swiss"]
[EventRounds "7"]
[EventCountry "GRE"]
[SourceTitle "EXT 2021"]
[Source "ChessBase"]
[SourceDate "2020.10.23"]
[SourceVersion "1"]
[SourceVersionDate "2020.10.23"]
[SourceQuality "1"]

1. d4 Nf6 2. c4 e6 3. Nf3 d5 4. Nc3 c6 5. Qd3 Bb4 6. g3 Nbd7 7. Bg2 Ne4 8. 0-0 f5 9. Nd2 0-0 10. f3 Nxd2 11. Bxd2 c5 12. a3 Ba5 13. Be3 cxd4 14. Bxd4 e5 15. Bf2 d4 16. Nd5 Nf6 17. f4 e4 18. Qxd4 Nxd5 19. Qxd5+ Qxd5 20. cxd5 Bd7 21. b4 Bb6 22. Rfc1 Bb5 23. Bxb6 axb6 24. Rc7 Rfd8 25. Rxb7 Rxd5 26. Rc1 Bxe2 27. Rcc7 Rd1+ 28. Kf2 Bg4 29. Rxg7+ Kf8 30. Rgf7+ Kg8 31. Rg7+ Kf8 1/2-1/2

[Event "Krakow op-A 30th"]
[Site "Krakow"]
[Date "2019.12.31"]
[Round "6"]
[White "Ilandzis, Spyridon"]
[Black "Renman, Nils Gustaf"]
[Result "1-0"]
[WhiteElo "2119"]
[BlackElo "2319"]
[PlyCount "67"]
[EventDate "2019.12.27"]
[EventType "swiss"]
[EventRounds "9"]
[EventCountry "POL"]
[SourceTitle "CBM 195 Extra"]
[Source "ChessBase"]
[SourceDate "2020.05.31"]
[SourceVersion "1"]
[SourceVersionDate "2020.05.31"]
[SourceQuality "1"]

1. d4 f5 2. Bg5 g6 3. h4 h6 4. Bf4 Nf6 5. Nc3 Bg7 6. Qd2 d6 7. 0-0-0 Nbd7 8. f3 Nh5 9. Bh2 e5 10. g4 exd4 11. Nb5 fxg4 12. fxg4 Nhf6 13. Qxd4 a6 14. Qe3+ Kf7 15. Qb3+ d5 16. Rxd5 Nxd5 17. Qxd5+ Kf8 18. Nxc7 Bxb2+ 19. Kb1 Qf6 20. Qd6+ Kg7 21. Qxf6+ Bxf6 22. Nxa8 Nc5 23. g5 hxg5 24. hxg5 Bc3 25. Bg2 Rd8 26. Nf3 Re8 27. Nb6 Bf5 28. Nh4 Be4 29. Nd5 Bd2 30. Bxe4 Nxe4 31. Nf3 Nc3+ 32. Nxc3 Bxc3 33. Rd1 Rxe2 34. Rd3 1-0

[Event "Krakow op-A 30th"]
[Site "Krakow"]
[Date "2019.12.27"]
[Round "1"]
[White "Malinovsky, Rostyslav"]
[Black "Ilandzis, Spyridon"]
[Result "0-1"]
[WhiteElo "2296"]
[BlackElo "2119"]
[PlyCount "134"]
[EventDate "2019.12.27"]
[EventType "swiss"]
[EventRounds "9"]
[EventCountry "POL"]
[SourceTitle "CBM 195 Extra"]
[Source "ChessBase"]
[SourceDate "2020.05.31"]
[SourceVersion "1"]
[SourceVersionDate "2020.05.31"]
[SourceQuality "1"]

1. d4 Nf6 2. c4 c5 3. Nf3 cxd4 4. Nxd4 e5 5. Nf3 Nc6 6. Nc3 Bb4 7. Bd2 e4 8. Ng5 e3 9. Bxe3 Bxc3+ 10. bxc3 Qa5 11. Qc2 0-0 12. g3 d6 13. Bg2 Bf5 14. Qb3 h6 15. Nf3 Qc7 16. Nd4 Be4 17. Nb5 Qe7 18. 0-0 Bxg2 19. Kxg2 Na5 20. Qb4 Qe4+ 21. Kg1 Nxc4 22. Nxd6 Nxd6 23. Qxd6 Nd5 24. Bd4 Rfd8 25. Qe5 Qxe5 26. Bxe5 Re8 27. Bd4 Rxe2 28. Rfb1 b6 29. Rb5 Nc7 30. Rb3 Rae8 31. Kf1 Rc2 32. a4 Ree2 33. a5 Ne6 34. Be3 Nc5 35. axb6 axb6 36. Rxb6 Nd3 37. Rb8+ Kh7 38. Rb7 Kg6 39. Rd1 Nxf2 40. Rd6+ f6 41. Rdd7 Rxe3 42. Rxg7+ Kf5 43. Rb5+ Re5 44. Rxe5+ Kxe5 45. Re7+ Kd5 46. Re2 Rxe2 47. Kxe2 Ng4 48. h3 Ne5 49. Ke3 f5 50. Kf4 Ke6 51. Ke3 Ng6 52. g4 Ke5 53. gxf5 Kxf5 54. Kf3 h5 55. Kg3 h4+ 56. Kh2 Ne5 57. Kg2 Kf4 58. Kf2 Nc4 59. Kg2 Ke3 60. Kh2 Kf2 61. Kh1 Kg3 62. Kg1 Kxh3 63. Kh1 Kg3 64. Kg1 h3 65. Kh1 Nd2 66. c4 h2 67. c5 Ne4 0-1

[Event "Athens Chess Square Spring op"]
[Site "Athens"]
[Date "2019.05.25"]
[Round "3"]
[White "Ilandzis, Spyridon"]
[Black "Fotopoulos, Panagiotis"]
[Result "1-0"]
[WhiteElo "2114"]
[BlackElo "1652"]
[PlyCount "93"]
[EventDate "2019.05.11"]
[EventType "swiss"]
[EventRounds "7"]
[EventCountry "GRE"]
[SourceTitle "EXT 2020"]
[Source "ChessBase"]
[SourceDate "2019.10.17"]
[SourceVersion "1"]
[SourceVersionDate "2019.10.17"]
[SourceQuality "1"]

1. d4 Nf6 2. c4 e6 3. Nf3 d5 4. Nc3 Be7 5. Bg5 b6 6. e3 Nbd7 7. Qc2 Bb7 8. 0-0-0 Ne4 9. Bf4 Ndf6 10. cxd5 Nxc3 11. bxc3 exd5 12. Ne5 0-0 13. f3 c5 14. Bd3 c4 15. Bf5 g6 16. Bh3 a5 17. Qa4 Nh5 18. Bh6 Ng7 19. Kd2 Bg5 20. Bxg5 Qxg5 21. Nd7 Rfe8 22. f4 Qe7 23. Rhe1 Kh8 24. Nxb6 Ra6 25. Qb5 Qa3 26. Rb1 Qxa2+ 27. Rb2 Qa3 28. Kc2 Ra7 29. Nxd5 Bxd5 30. Qxd5 Qa4+ 31. Kb1 Rae7 32. e4 Ne6 33. Bxe6 Rxe6 34. e5 f6 35. Qb5 Qa3 36. Qxc4 fxe5 37. fxe5 Qe7 38. d5 Rxe5 39. Qd4 Kg8 40. Rxe5 Qxe5 41. Qxe5 Rxe5 42. c4 Re1+ 43. Ka2 Rc1 44. Kb3 a4+ 45. Kb4 Ra1 46. Kc5 a3 47. Rf2 1-0

[Event "WchT Seniors 50"]
[Site "Rhodes"]
[Date "2019.04.20"]
[Round "5.9"]
[White "Hoehn, Michael"]
[Black "Ilandzis, Spyridon"]
[Result "0-1"]
[WhiteElo "2040"]
[BlackElo "2021"]
[PlyCount "122"]
[EventDate "2019.04.16"]
[EventType "team-swiss"]
[EventRounds "9"]
[EventCountry "GRE"]
[SourceTitle "CBM 190 Extra"]
[Source "ChessBase"]
[SourceDate "2019.07.15"]
[SourceVersion "1"]
[SourceVersionDate "2019.07.15"]
[SourceQuality "1"]
[WhiteTeam "Offenbach"]
[BlackTeam "Athens Vets"]
[WhiteTeamCountry "GER"]
[BlackTeamCountry "GRE"]

1. Nf3 c5 2. b3 d6 3. Bb2 e5 4. d3 g6 5. Nbd2 Bg7 6. g3 Ne7 7. Bg2 0-0 8. Qc1 Nbc6 9. e3 d5 10. 0-0 f5 11. e4 fxe4 12. dxe4 d4 13. Ne1 Bg4 14. f3 Be6 15. Nd3 b6 16. Rf2 Bh6 17. f4 Kg7 18. Qf1 Ng8 19. Bc1 Qc7 20. Nf3 exf4 21. Bxf4 Qe7 22. Nfe5 Na5 23. Bh3 g5 24. Bxe6 Qxe6 25. Bd2 Rxf2 26. Qxf2 Rf8 27. Qe2 Nc6 28. Ng4 Kh8 29. Nxh6 Qxh6 30. h4 Qg7 31. Bxg5 h6 32. Qh5 Ne5 33. Nf4 d3 34. Kg2 dxc2 35. Ne6 Qf7 36. Qxf7 Rxf7 37. Bf4 Nd3 38. Be3 Re7 39. Nf4 Rxe4 40. Nxd3 Rxe3 41. Ne1 Nf6 42. Rc1 Ne4 43. Nxc2 Rxg3+ 44. Kh2 Rc3 45. Kg2 Kg7 46. Kh2 Kh7 47. Kg2 Kg6 48. h5+ Kxh5 49. Rh1+ Kg4 50. Ne1 Rg3+ 51. Kf1 h5 52. Ng2 Nd2+ 53. Kf2 Ne4+ 54. Kf1 Nc3 55. Rh4+ Kg5 56. Rc4 Nd5 57. Re4 Kf6 58. Kf2 Rc3 59. Re2 Nb4 60. Ne3 Kg5 61. Ke1 Rxe3 0-1

[Event "Krakow op-B 29th"]
[Site "Krakow"]
[Date "2018.12.30"]
[Round "5"]
[White "Ilandzis, Spyridon"]
[Black "Panek, Bartosz"]
[Result "1/2-1/2"]
[WhiteElo "2052"]
[BlackElo "1871"]
[PlyCount "84"]
[EventDate "2018.12.27"]
[EventType "swiss"]
[EventRounds "9"]
[EventCountry "POL"]
[SourceTitle "CBM 189 Extra"]
[Source "ChessBase"]
[SourceDate "2019.06.03"]
[SourceVersion "1"]
[SourceVersionDate "2019.06.03"]
[SourceQuality "1"]

1. b3 e5 2. Bb2 Nc6 3. e3 Nge7 4. c4 d5 5. cxd5 Nxd5 6. a3 Bd6 7. d3 0-0 8. Nf3 f5 9. Nbd2 Qe7 10. Qc2 Kh8 11. Nc4 e4 12. Nxd6 cxd6 13. Nd4 f4 14. Nxc6 bxc6 15. dxe4 fxe3 16. f3 Nf4 17. 0-0-0 Be6 18. Re1 e2 19. Bxe2 Rab8 20. Bc4 d5 21. exd5 cxd5 22. g3 dxc4 23. gxf4 Qf7 24. Rhg1 Rg8 25. Qe4 Rxb3 26. Bd4 Qf8 27. Re2 c3 28. Kd1 Qd8 29. Ke1 c2 30. Rxc2 Bf5 31. Rxg7 Rxg7 32. Qxf5 Rb1+ 33. Ke2 Qxd4 34. Rc8+ Rg8 35. Rxg8+ Kxg8 36. Qxb1 Qxf4 37. Qb3+ Kg7 38. Qb7+ Kf6 39. Qc6+ Kf7 40. Qd7+ Kf6 41. Qd8+ Kf7 42. Qd5+ Kf6 1/2-1/2

[Event "Krakow op-B 29th"]
[Site "Krakow"]
[Date "2018.12.27"]
[Round "1"]
[White "Ilandzis, Spyridon"]
[Black "Koloczek, Maciej"]
[Result "1-0"]
[WhiteElo "2052"]
[BlackElo "1852"]
[PlyCount "83"]
[EventDate "2018.12.27"]
[EventType "swiss"]
[EventRounds "9"]
[EventCountry "POL"]
[SourceTitle "CBM 189 Extra"]
[Source "ChessBase"]
[SourceDate "2019.06.03"]
[SourceVersion "1"]
[SourceVersionDate "2019.06.03"]
[SourceQuality "1"]

1. b3 Nf6 2. Bb2 g6 3. Bxf6 exf6 4. c4 f5 5. Nc3 Bg7 6. g3 0-0 7. Bg2 d6 8. e3 Nd7 9. Nge2 Re8 10. 0-0 Nf6 11. d3 Rb8 12. b4 Be6 13. b5 Nd7 14. Rc1 Ne5 15. Nf4 g5 16. Nh5 f4 17. Nxg7 Kxg7 18. Nd5 fxe3 19. Nxe3 Ng6 20. Qa4 f5 21. Qxa7 f4 22. Nd5 Bxd5 23. cxd5 Qd7 24. Qa5 Rbc8 25. b6 Ne5 26. Rxc7 Rxc7 27. bxc7 f3 28. Bh1 Qh3 29. Qd2 h6 30. Rc1 Ng4 31. Bxf3 Qxh2+ 32. Kf1 Ne3+ 33. Qxe3 Rxe3 34. c8Q Rxf3 35. Rc7+ Rf7 36. Rxf7+ Kxf7 37. Qe6+ Kg7 38. Qd7+ Kg8 39. Qc8+ Kg7 40. Qxb7+ Kg6 41. Qc6 Qh1+ 42. Ke2 1-0

[Event "Athens Mitsakos Memorial 1st"]
[Site "Athens"]
[Date "2018.11.03"]
[Round "1"]
[White "Ilandzis, Spyridon"]
[Black "Tourkolias, Dimitrios"]
[Result "1-0"]
[WhiteElo "2052"]
[BlackElo "1539"]
[PlyCount "71"]
[EventDate "2018.11.03"]
[EventType "swiss"]
[EventRounds "7"]
[EventCountry "GRE"]
[SourceTitle "EXT 2020"]
[Source "ChessBase"]
[SourceDate "2019.10.17"]
[SourceVersion "1"]
[SourceVersionDate "2019.10.17"]
[SourceQuality "1"]

1. b3 e5 2. Bb2 Nc6 3. e3 Nf6 4. c4 Bc5 5. a3 a5 6. d4 exd4 7. exd4 Ba7 8. Qe2+ Qe7 9. Nf3 d5 10. Qxe7+ Nxe7 11. Nbd2 0-0 12. Bd3 Bf5 13. Bxf5 Nxf5 14. 0-0 Rfd8 15. c5 Re8 16. b4 a4 17. b5 c6 18. b6 Bb8 19. g3 h5 20. Rfe1 Rxe1+ 21. Rxe1 Kf8 22. Bc3 h4 23. Ng5 hxg3 24. hxg3 Ng4 25. Nf1 Nf6 26. Kg2 Ne7 27. Ne3 Ne4 28. Nxe4 dxe4 29. Nc4 Nd5 30. Bd2 f5 31. Na5 g5 32. Nxb7 e3 33. fxe3 f4 34. gxf4 gxf4 35. exf4 Bxf4 36. Rf1 1-0

[Event "Prague Summer op-B 5th"]
[Site "Prague"]
[Date "2018.08.10"]
[Round "9"]
[White "Guggenheim, Hans Wolfgang"]
[Black "Ilandzis, Spyridon"]
[Result "0-1"]
[WhiteElo "1791"]
[BlackElo "2009"]
[PlyCount "36"]
[EventDate "2018.08.03"]
[EventType "swiss"]
[EventRounds "9"]
[EventCountry "CZE"]
[SourceTitle "CBM 186 Extra"]
[Source "ChessBase"]
[SourceDate "2018.08.24"]
[SourceVersion "1"]
[SourceVersionDate "2018.08.24"]
[SourceQuality "1"]

1. d4 Nf6 2. c4 e6 3. g3 c5 4. d5 exd5 5. cxd5 d6 6. Bg2 g6 7. Nf3 Bg7 8. 0-0 0-0 9. Nc3 Re8 10. Nd2 a6 11. a4 Nbd7 12. h3 Rb8 13. a5 b5 14. axb6 Nxb6 15. e4 Nfd7 16. f4 c4 17. Nf3 Nc5 18. Nd4 Bxd4+ 0-1

[Event "Prague Summer op-B 5th"]
[Site "Prague"]
[Date "2018.08.09"]
[Round "8"]
[White "Skielnik, Joseph J"]
[Black "Ilandzis, Spyridon"]
[Result "1/2-1/2"]
[WhiteElo "1865"]
[BlackElo "2009"]
[PlyCount "69"]
[EventDate "2018.08.03"]
[EventType "swiss"]
[EventRounds "9"]
[EventCountry "CZE"]
[SourceTitle "CBM 186 Extra"]
[Source "ChessBase"]
[SourceDate "2018.08.24"]
[SourceVersion "1"]
[SourceVersionDate "2018.08.24"]
[SourceQuality "1"]

1. d4 Nf6 2. Bf4 c5 3. e3 d5 4. Nf3 Nc6 5. Be2 Qb6 6. Nc3 Bf5 7. 0-0 cxd4 8. exd4 a6 9. Na4 Qa7 10. a3 e6 11. h3 Be7 12. Be3 Nd7 13. c4 0-0 14. cxd5 exd5 15. Nc3 Nf6 16. Bd3 Bxd3 17. Qxd3 Rac8 18. Rac1 b5 19. b4 Qb8 20. Nd2 a5 21. Nxb5 axb4 22. axb4 Nxb4 23. Qe2 Qb6 24. Nc3 Qa6 25. Qxa6 Nxa6 26. Ne2 Nb4 27. Nf3 Nd3 28. Ra1 Ra8 29. Rxa8 Rxa8 30. Rb1 Bd6 31. Nc1 Nxc1 32. Rxc1 Ne4 33. Ne5 f6 34. Nd3 Kf7 35. Rb1 1/2-1/2

[Event "Prague Summer op-B 5th"]
[Site "Prague"]
[Date "2018.08.08"]
[Round "7"]
[White "Ilandzis, Spyridon"]
[Black "Janacek, Jaroslav"]
[Result "1-0"]
[WhiteElo "2009"]
[BlackElo "2006"]
[PlyCount "65"]
[EventDate "2018.08.03"]
[EventType "swiss"]
[EventRounds "9"]
[EventCountry "CZE"]
[SourceTitle "CBM 186 Extra"]
[Source "ChessBase"]
[SourceDate "2018.08.24"]
[SourceVersion "1"]
[SourceVersionDate "2018.08.24"]
[SourceQuality "1"]

1. d4 d6 2. e4 Nf6 3. Nc3 e5 4. Nf3 Nbd7 5. Bc4 Be7 6. 0-0 c6 7. a4 Qc7 8. Re1 h6 9. Nh4 g6 10. Ba2 Nh7 11. Nf3 Ng5 12. Nxg5 hxg5 13. Qf3 Rh7 14. Be3 Nf8 15. d5 g4 16. Qd1 Bd7 17. b4 a5 18. dxc6 bxc6 19. b5 Ne6 20. bxc6 Qxc6 21. Bd5 Qxc3 22. Bxa8 f5 23. Qd3 Qc8 24. exf5 gxf5 25. Bd5 e4 26. Qc4 Bf6 27. Rab1 Be5 28. Qxc8+ Bxc8 29. Rb8 Bxh2+ 30. Kf1 Kd7 31. Bxe6+ Kxe6 32. Rxc8 Be5 33. g3 1-0

[Event "Prague Summer op-B 5th"]
[Site "Prague"]
[Date "2018.08.05"]
[Round "3"]
[White "Ilandzis, Spyridon"]
[Black "Grabarczyk, Sylwester Piotr"]
[Result "1-0"]
[WhiteElo "2009"]
[BlackElo "1751"]
[PlyCount "67"]
[EventDate "2018.08.03"]
[EventType "swiss"]
[EventRounds "9"]
[EventCountry "CZE"]
[SourceTitle "CBM 186 Extra"]
[Source "ChessBase"]
[SourceDate "2018.08.24"]
[SourceVersion "1"]
[SourceVersionDate "2018.08.24"]
[SourceQuality "1"]

1. d4 Nf6 2. c4 e5 3. dxe5 Ng4 4. Bf4 Bb4+ 5. Nd2 Nc6 6. Ngf3 Qe7 7. e3 Ngxe5 8. Nxe5 Nxe5 9. Be2 a5 10. a3 Bc5 11. 0-0 Ng6 12. Bg3 d6 13. b4 Bb6 14. Nb3 axb4 15. axb4 Rxa1 16. Qxa1 0-0 17. c5 dxc5 18. bxc5 Bxc5 19. Nxc5 Qxc5 20. Rc1 Qg5 21. Rxc7 h5 22. Qc3 Be6 23. Rc5 f5 24. Rc7 Bf7 25. Bc4 f4 26. exf4 Nxf4 27. Rxf7 Ne2+ 28. Bxe2 Kxf7 29. h4 Qe7 30. Qf3+ Ke8 31. Qd3 Rf6 32. Qb5+ Kf8 33. Qxh5 Re6 34. Qh8+ 1-0

[Event "Prague Summer op-B 5th"]
[Site "Prague"]
[Date "2018.08.04"]
[Round "2"]
[White "Barabas, Ales"]
[Black "Ilandzis, Spyridon"]
[Result "0-1"]
[WhiteElo "1767"]
[BlackElo "2009"]
[PlyCount "114"]
[EventDate "2018.08.03"]
[EventType "swiss"]
[EventRounds "9"]
[EventCountry "CZE"]
[SourceTitle "CBM 186 Extra"]
[Source "ChessBase"]
[SourceDate "2018.08.24"]
[SourceVersion "1"]
[SourceVersionDate "2018.08.24"]
[SourceQuality "1"]

1. Nf3 c5 2. g3 Nc6 3. Bg2 g6 4. 0-0 Bg7 5. c3 e5 6. d3 d5 7. e4 Nge7 8. Nbd2 0-0 9. h3 b6 10. Qa4 Bb7 11. b4 d4 12. cxd4 Nxb4 13. dxc5 bxc5 14. Nc4 Bc6 15. Qb3 Rb8 16. Bg5 h6 17. Bxe7 Qxe7 18. Qc3 Rfd8 19. Rfd1 Ba4 20. Rd2 Nc6 21. Ne3 Nd4 22. Nd5 Rxd5 23. exd5 Nxf3+ 24. Bxf3 e4 25. d4 exf3 26. Qxf3 Bxd4 27. Re2 Qf6 28. Qxf6 Bxf6 29. Rae1 Rd8 30. Re4 Bd4 31. Re7 Rxd5 32. Rxa7 Bc6 33. Rc7 Rd6 34. Re2 Rf6 35. Rd2 Kf8 36. Re2 c4 37. Rc8+ Kg7 38. Rd2 Bb6 39. Rc2 Be4 40. R8xc4 Bxc2 41. Rxc2 Rf3 42. Kg2 Ra3 43. Rb2 Ba7 44. Rc2 Kf6 45. Re2 Ra5 46. Rb2 Ke6 47. f4 Bd4 48. Rd2 Kd5 49. Re2 Ra3 50. Rd2 Ke4 51. Re2+ Re3 52. Rd2 h5 53. a4 Rd3 54. Re2+ Be3 55. g4 hxg4 56. hxg4 Kxf4 57. Kh3 Bb6+ 0-1

[Event "Pardubice Czech op-B 29th"]
[Site "Pardubice"]
[Date "2018.07.23"]
[Round "4"]
[White "Ilandzis, Spyridon"]
[Black "Blodig, Reinhard"]
[Result "1-0"]
[WhiteElo "1980"]
[BlackElo "2078"]
[PlyCount "53"]
[EventDate "2018.07.20"]
[EventType "swiss"]
[EventRounds "9"]
[EventCountry "CZE"]
[SourceTitle "CBM 186 Extra"]
[Source "ChessBase"]
[SourceDate "2018.08.24"]
[SourceVersion "1"]
[SourceVersionDate "2018.08.24"]
[SourceQuality "1"]

1. e4 d6 2. d4 g6 3. Nc3 Bg7 4. f4 Nf6 5. Nf3 c5 6. dxc5 Qa5 7. Qd4 0-0 8. cxd6 Nxe4 9. Qxe4 Bxc3+ 10. bxc3 Qxc3+ 11. Kf2 Qxa1 12. dxe7 Re8 13. Bc4 Nc6 14. Bxf7+ Kxf7 15. Qc4+ Kg7 16. Bd2 Be6 17. Bc3+ Kh6 18. Qc5 Qxc3 19. Qxc3 Rac8 20. Re1 Nxe7 21. Qf6 Nd5 22. Qg5+ Kg7 23. Rxe6 Rxc2+ 24. Kg3 Rxe6 25. Qxd5 Ree2 26. Qxb7+ Kf6 27. Qa6+ 1-0

[Event "Pardubice Czech op-B 29th"]
[Site "Pardubice"]
[Date "2018.07.21"]
[Round "2"]
[White "Ilandzis, Spyridon"]
[Black "Aliferenko, Aleksei"]
[Result "0-1"]
[WhiteElo "1980"]
[BlackElo "2211"]
[PlyCount "90"]
[EventDate "2018.07.20"]
[EventType "swiss"]
[EventRounds "9"]
[EventCountry "CZE"]
[SourceTitle "CBM 186 Extra"]
[Source "ChessBase"]
[SourceDate "2018.08.24"]
[SourceVersion "1"]
[SourceVersionDate "2018.08.24"]
[SourceQuality "1"]

1. d4 Nf6 2. c4 d6 3. Nf3 g6 4. Nc3 Bf5 5. Qb3 Qc8 6. g3 Bg7 7. Bg2 Nc6 8. d5 Nd8 9. Nd4 Bh3 10. 0-0 h5 11. Nf3 h4 12. Nd1 hxg3 13. fxg3 Bxg2 14. Kxg2 c6 15. Nf2 b5 16. cxb5 cxd5 17. Bg5 Qb7 18. Rfd1 d4 19. Kg1 Ne6 20. Rac1 Rh5 21. h4 Ne4 22. Nxe4 Qxe4 23. Qc2 f5 24. Qc6+ Kf7 25. Bd2 Rhh8 26. Qxe4 fxe4 27. Ng5+ Nxg5 28. Bxg5 Be5 29. Rc7 Rhe8 30. Kg2 Ke6 31. a4 Kd5 32. Bxe7 Rec8 33. Rdc1 d3 34. exd3 exd3 35. Bg5 Rxc7 36. Rxc7 Bxb2 37. Kf1 Bd4 38. Bf4 Re8 39. Rd7 Bc5 40. Rg7 Re6 41. a5 Be3 42. Rxg6 Rxg6 43. Bxe3 Rxg3 44. Kf2 Rh3 45. a6 Rh2+ 0-1

[Event "GRE-chT 46th"]
[Site "Rio Achaia"]
[Date "2018.07.12"]
[Round "4.14"]
[White "Tsagaropoulos, Spyridon"]
[Black "Ilandzis, Spyridon"]
[Result "0-1"]
[WhiteElo "2052"]
[BlackElo "1980"]
[PlyCount "68"]
[EventDate "2018.07.10"]
[EventType "team"]
[EventRounds "7"]
[EventCountry "GRE"]
[SourceTitle "CBM 185 Extra"]
[Source "ChessBase"]
[SourceDate "2018.07.29"]
[SourceVersion "1"]
[SourceVersionDate "2018.07.29"]
[SourceQuality "1"]
[WhiteTeam "You Go You"]
[BlackTeam "Asos Rodou Hippotis"]
[WhiteTeamCountry "GRE"]
[BlackTeamCountry "GRE"]

1. d4 Nf6 2. c4 e6 3. Nf3 b6 4. a3 Ba6 5. Qc2 c5 6. d5 exd5 7. cxd5 Bb7 8. Nc3 Nxd5 9. Nb5 Be7 10. Qe4 Bc6 11. Nd6+ Kf8 12. Nf5 Bf6 13. Qg4 Qe8 14. h4 h5 15. Qc4 Qe6 16. Qc2 Nc7 17. Ng3 d5 18. Bf4 Nba6 19. e3 d4 20. Bc4 Bd5 21. Bxd5 Nxd5 22. 0-0 dxe3 23. fxe3 Nxf4 24. exf4 Qe3+ 25. Kh1 Qxf4 26. Nf5 Nc7 27. g3 Qg4 28. Kg2 Re8 29. Rae1 Rxe1 30. Rxe1 Ne6 31. Ng1 g6 32. Nd6 Qd4 33. Rxe6 Qd5+ 34. Qe4 fxe6 0-1